Eastern Utah Libraries Catalog: Duchesne, Heber, Roosevelt, & Vernal

Top Gun:Maverick (Record no. 378481)

MARC details
000 -LEADER
fixed length control field 02223ngm a22005412a 4500
001 - CONTROL NUMBER
control field MWT15032073
005 - DATE AND TIME OF LATEST TRANSACTION
control field 20241024112927.0
007 - PHYSICAL DESCRIPTION FIXED FIELD--GENERAL INFORMATION
fixed length control field vd cvaizs
008 - FIXED-LENGTH DATA ELEMENTS--GENERAL INFORMATION
fixed length control field 220818s2022 xxu130 e vleng d
020 ## - INTERNATIONAL STANDARD BOOK NUMBER
Terms of availability $30.99
020 ## - INTERNATIONAL STANDARD BOOK NUMBER
International Standard Book Number 15032073
024 1# - OTHER STANDARD IDENTIFIER
Standard number or code 032429343352
040 ## - CATALOGING SOURCE
Description conventions rda
092 ## - LOCALLY ASSIGNED DEWEY CALL NUMBER (OCLC)
Classification number dvd
999 ## - SYSTEM CONTROL NUMBERS (KOHA)
Koha Dewey Subclass [OBSOLETE] 03808964
245 00 - TITLE STATEMENT
Title Top Gun:Maverick
Medium [dvd]
260 ## - PUBLICATION, DISTRIBUTION, ETC. (IMPRINT)
Place of publication, distribution, etc [United States] :
Name of publisher, distributor, etc Paramount,
Date of publication, distribution, etc 2022.
264 ## - Production, Publication, Distribution, Manufacture, and Copyright Notice.
Place of production, publication, distribution, manufacture [United States] :
Name of producer, publisher, distributor, manufacturer Paramount,
Date of production, publication, distribution, manufacture, or copyr 2022.
300 ## - PHYSICAL DESCRIPTION
Extent 1 videodisc (ca. 130 min.) :
Other physical details sd., col. ;
Dimensions 4 3/4 in.
508 ## - CREATION/PRODUCTION CREDITS NOTE
Creation/production credits note Director, Joseph Kosinski.
511 1# - PARTICIPANT OR PERFORMER NOTE
Participant or performer note Tom Cruise, Jennifer Connelly, Miles Teller, Lewis Pullman, Val Kilmer, Ed Harris, Jon Hamm, Glen Powell, Jean Louisa Kelly, Manny Jacinto, Jay Ellis, Bashir Salahuddin, Danny Ramirez, Raymond Lee, Jake Picking, Lyliana Wray.
520 ## - SUMMARY, ETC.
Summary, etc After more than 30 years of service as one of the navy's top aviators, Pete 'Maverick' Mitchell is where he belongs, pushing the envelope as a courageous test pilot and dodging the advancement in rank that would ground him. Training a detachment of graduates for a special assignment, Maverick must confront the ghosts of his past and his deepest fears, culminating in a mission that demands the ultimate sacrifice from those who choose to fly it.
650 #4 - SUBJECT ADDED ENTRY--TOPICAL TERM
Topical term or geographic name as entry element Action / Adventure.
650 #4 - SUBJECT ADDED ENTRY--TOPICAL TERM
Topical term or geographic name as entry element Drama.
650 #0 - SUBJECT ADDED ENTRY--TOPICAL TERM
Topical term or geographic name as entry element Feature films
655 #4 - INDEX TERM--GENRE/FORM
Genre/form data or focus term Action.
700 1# - ADDED ENTRY--PERSONAL NAME
Personal name Cruise, Tom,
9 (RLIN) 5871092
700 1# - ADDED ENTRY--PERSONAL NAME
Personal name Connelly, Jennifer
9 (RLIN) 61429
700 1# - ADDED ENTRY--PERSONAL NAME
Personal name Teller, Miles
9 (RLIN) 5887867
700 1# - ADDED ENTRY--PERSONAL NAME
Personal name Pullman, Lewis
9 (RLIN) 6457264
700 1# - ADDED ENTRY--PERSONAL NAME
Personal name Kilmer, Val,
9 (RLIN) 5814596
700 1# - ADDED ENTRY--PERSONAL NAME
Personal name Harris, Ed
9 (RLIN) 33647
700 1# - ADDED ENTRY--PERSONAL NAME
Personal name Hamm, Jon,
9 (RLIN) 5734113
700 1# - ADDED ENTRY--PERSONAL NAME
Personal name Powell, Glen
9 (RLIN) 5891140
700 1# - ADDED ENTRY--PERSONAL NAME
Personal name Kelly, Jean Louisa
9 (RLIN) 66913
700 1# - ADDED ENTRY--PERSONAL NAME
Personal name Jacinto, Manny
9 (RLIN) 5994234
700 1# - ADDED ENTRY--PERSONAL NAME
Personal name Ellis, Jay
9 (RLIN) 6457265
700 1# - ADDED ENTRY--PERSONAL NAME
Personal name Salahuddin, Bashir
9 (RLIN) 6390740
700 1# - ADDED ENTRY--PERSONAL NAME
Personal name Ramirez, Danny,
9 (RLIN) 6457266
700 1# - ADDED ENTRY--PERSONAL NAME
Personal name Lee, Raymond.
9 (RLIN) 6452186
700 1# - ADDED ENTRY--PERSONAL NAME
Personal name Picking, Jake
9 (RLIN) 6457267
700 1# - ADDED ENTRY--PERSONAL NAME
Personal name Wray, Lyliana
9 (RLIN) 6369366
856 7# - ELECTRONIC LOCATION AND ACCESS
Materials specified View cover art
Uniform Resource Identifier <a href="https://thumbnail.midwesttape.com/15032073_180.jpg">https://thumbnail.midwesttape.com/15032073_180.jpg</a>
Access method https
942 ## - ADDED ENTRY ELEMENTS (KOHA)
Source of classification or shelving scheme Dewey Decimal Classification
Koha item type DVD
Holdings
Withdrawn status Lost status Source of classification or shelving scheme Damaged status Not for loan Collection code Home library Current library Shelving location Date acquired Source of acquisition Total Checkouts Total Renewals Full call number Barcode Date last seen Date checked out Cost, replacement price Price effective from Koha item type
    Dewey Decimal Classification     Movies Wasatch County Library Wasatch County Library Audio Visual Area 11/21/2022 Micromarketing 30 32 DVD Top 34301001869918 03/03/2026 01/26/2026 24.29 11/21/2022 DVD
This project was made possible through a grant from the Institute of Museum and Library Service administered by the Utah State Library Division.

Wasatch County Library

  • 465 East 1200 South, Heber City, Utah 84032
  • Phone 435-654-1511 | Fax 435-654-6456

Hours

  • Monday - Friday 9:30 AM - 8:00 PM
  • Saturday 9:30 AM - 1:30 PM
  • Closed Sundays and Holidays